|
|
|
|
| LEADER |
04258nam a2200841 4500 |
| 001 |
ocn739118488 |
| 003 |
OCoLC |
| 005 |
20170124071058.1 |
| 006 |
m o d |
| 007 |
cr cn||||||||| |
| 008 |
110706s2011 njua ob 001 0 eng d |
| 010 |
|
|
|a 2011007711
|
| 040 |
|
|
|a DG1
|b eng
|e pn
|c DG1
|d CDX
|d E7B
|d YDXCP
|d OCLCQ
|d EBLCP
|d MHW
|d MYG
|d REDDC
|d OCLCQ
|d OCLCO
|d DEBSZ
|d OCLCQ
|d N$T
|d OCLCF
|d OCLCQ
|d S3O
|d OCLCQ
|d DEBBG
|d AZK
|d GrThAP
|
| 019 |
|
|
|a 746598417
|a 747411977
|a 880744684
|a 961515878
|a 962633580
|
| 020 |
|
|
|a 9781119970583
|q (electronic bk.)
|
| 020 |
|
|
|a 111997058X
|q (electronic bk.)
|
| 020 |
|
|
|a 9781119970590
|q (electronic bk.)
|
| 020 |
|
|
|a 1119970598
|q (electronic bk.)
|
| 020 |
|
|
|z 9780470971925
|q (Cloth)
|
| 020 |
|
|
|z 0470971924
|q (Cloth)
|
| 020 |
|
|
|z 1119973708
|
| 020 |
|
|
|z 1119973716
|
| 024 |
8 |
|
|a 9786613177698
|
| 029 |
1 |
|
|a AU@
|b 000049641620
|
| 029 |
1 |
|
|a AU@
|b 000052891302
|
| 029 |
1 |
|
|a CHNEW
|b 000620894
|
| 029 |
1 |
|
|a CHVBK
|b 303189304
|
| 029 |
1 |
|
|a DEBSZ
|b 372885268
|
| 029 |
1 |
|
|a DEBSZ
|b 397183119
|
| 029 |
1 |
|
|a DEBSZ
|b 449275825
|
| 029 |
1 |
|
|a DKDLA
|b 820120-katalog:000600017
|
| 029 |
1 |
|
|a NLGGC
|b 382335511
|
| 029 |
1 |
|
|a NZ1
|b 13751531
|
| 029 |
1 |
|
|a NZ1
|b 14976028
|
| 029 |
1 |
|
|a DEBBG
|b BV043393282
|
| 035 |
|
|
|a (OCoLC)739118488
|z (OCoLC)746598417
|z (OCoLC)747411977
|z (OCoLC)880744684
|z (OCoLC)961515878
|z (OCoLC)962633580
|
| 037 |
|
|
|a 10.1002/9781119970583
|b Wiley InterScience
|n http://www3.interscience.wiley.com
|
| 050 |
|
4 |
|a QA278.6
|b .B37 2011
|
| 072 |
|
7 |
|a MAT
|x 029020
|2 bisacsh
|
| 082 |
0 |
4 |
|a 519.5/35
|2 22
|
| 049 |
|
|
|a MAIN
|
| 100 |
1 |
|
|a Bartholomew, David J.
|
| 245 |
1 |
0 |
|a Latent variable models and factor analysis :
|b a unified approach.
|
| 250 |
|
|
|a 3rd ed. /
|b David Bartholomew, Martin Knott, Irini Moustaki.
|
| 264 |
|
1 |
|a Hoboken, N.J. :
|b Wiley,
|c 2011.
|
| 300 |
|
|
|a 1 online resource (xiii, 277 pages) :
|b illustrations.
|
| 336 |
|
|
|a text
|b txt
|2 rdacontent
|
| 337 |
|
|
|a computer
|b c
|2 rdamedia
|
| 338 |
|
|
|a online resource
|b cr
|2 rdacarrier
|
| 347 |
|
|
|a data file
|2 rda
|
| 380 |
|
|
|a Bibliography
|
| 490 |
1 |
|
|a Wiley series in probability and statistics
|
| 504 |
|
|
|a Includes bibliographical references and index.
|
| 505 |
0 |
0 |
|t Front matter --
|t Basic ideas and examples --
|t The general linear latent variable model --
|t The normal linear factor model --
|t Binary data : latent trait models --
|t Polytomous data : latent trait models --
|t Latent class models --
|t Models and methods for manifest variables of mixed type --
|t Relationships between latent variables --
|t Related techniques for investigating dependency --
|t Software appendix --
|t References --
|t Author index --
|t Subject index.
|
| 520 |
|
|
|a Latent Variable Models and Factor Analysis provides a comprehensive and unified approach to factor analysis and latent variable modeling from a statistical perspective. This book presents a general framework to enable the derivation of the commonly used models, along with updated numerical examples. Nature and interpretation of a latent variable is also introduced along with related techniques for investigating dependency. This book:Provides a unified approach showing how such apparently diverse methods as Latent Class Analysis and Factor Analysis are actually members of the same family. Presen.
|
| 588 |
0 |
|
|a Print version record.
|
| 650 |
|
0 |
|a Latent variables.
|
| 650 |
|
0 |
|a Latent structure analysis.
|
| 650 |
|
0 |
|a Factor analysis.
|
| 650 |
|
4 |
|a Factor analysis.
|
| 650 |
|
4 |
|a Latent structure analysis.
|
| 650 |
|
4 |
|a Latent variables.
|
| 650 |
|
7 |
|a MATHEMATICS
|x Probability & Statistics
|x Multivariate Analysis.
|2 bisacsh
|
| 650 |
|
7 |
|a Factor analysis.
|2 fast
|0 (OCoLC)fst01432040
|
| 650 |
|
7 |
|a Latent structure analysis.
|2 fast
|0 (OCoLC)fst00992952
|
| 650 |
|
7 |
|a Latent variables.
|2 fast
|0 (OCoLC)fst00992953
|
| 655 |
|
4 |
|a Electronic books.
|
| 700 |
1 |
|
|a Knott, M.
|q (Martin)
|
| 700 |
1 |
|
|a Moustaki, Irini.
|
| 776 |
0 |
8 |
|i Print version:
|a Bartholomew, David J.
|t Latent variable models and factor analysis.
|b 3rd ed.
|d Hoboken, N.J. : Wiley, 2011
|z 9780470971925
|w (DLC) 2011007711
|w (OCoLC)710044915
|
| 830 |
|
0 |
|a Wiley series in probability and statistics.
|
| 856 |
4 |
0 |
|u https://doi.org/10.1002/9781119970583
|z Full Text via HEAL-Link
|
| 994 |
|
|
|a 92
|b DG1
|